000 00566nam a2200193Ia 4500
008 151119s9999||||xx |||||||||||||| ||und||
082 _a915.4
082 _bGKKV30992
100 _aठाकुर भारती
245 _aनर्मदा परिक्रमा
260 _a---
260 _b---
260 _c2010
600 _aठाकुर भारती
630 _aनर्मदा परिक्रमा
700 _aठाकुर भारती
730 _aनर्मदा परिक्रमा
942 _cBOOK
999 _c1083318
_d1083315